[Event "World Junior U20 Open 2018"]
[Site "Gebze"]
[Date "2018.09.14"]
[Round "10.36"]
[White "Haria, Ravi"]
[Black "Ozen, Bahadir"]
[Result "1/2-1/2"]
[WhiteElo "2442"]
[BlackElo "2326"]
[Annotator "TA"]
[PlyCount "66"]
[EventDate "2018.09.05"]
[EventType "swiss"]
[EventCountry "TUR"]
[SourceTitle "playchess.com"]
[Source "ChessBase"]
[SourceQuality "1"]

{[%evp 12,66,16,9,44,18,10,14,12,11,17,8,14,0,0,0,0,0,16,-7,0,-71,-54,-58,-52,-77,-46,-47,-47,-47,-41,-43,-50,-50,-32,-32,-31,-47,-33,-43,-39,-33,-3,-56,-43,-86,-86,-93,-83,-184,-171,-175,-42,-50,-23,-20,0]} 1. e4 e5 2. Nf3 Nc6 3. Bc4 Bc5 4. c3 Nf6 5. d3 d6 6. O-O a5 {C54: Giuoco Piano: 4 c3 Nf6, main lines with 5 d4 and 5 d3} (6... a6 7. Re1 h6 8. b4 Ba7 9. a4 O-O 10. Nbd2 Re8 11. Nf1 Be6 12. Bxe6 Rxe6 13. Ng3 Ne7 14. d4 Ng6 {½-½ (38) Aronian,L (2767)-Carlsen,M (2842) Saint Louis 2018}) 7. a4 {LiveBook: 41 Games} Ba7 8. Na3 h6 $146 ({Predecessor:} 8... Ne7 9. h3 Ng6 10. Re1 O-O 11. Be3 Bxe3 12. Rxe3 Qe7 13. d4 Be6 {0-1 (40) Valles Moreno,I (2438)-Solaesa Navalpotro,L (2215) Madrid 2017}) 9. h3 O-O 10. Re1 Be6 11. Qb3 Qd7 12. Nb5 Bb6 13. Be3 Bxe3 14. Rxe3 Rfe8 15. Rae1 Bxc4 16. dxc4 (16. Qxc4 $11 Rac8 17. d4) 16... b6 17. Rd1 Nd8 {[%cal Bc6d8,Bd8e6,Be6c5][%mdl 32]} 18. Qc2 Qc6 19. b3 Ne6 20. Nd2 g6 21. Nf1 Kg7 22. Ree1 Rf8 23. f3 Rfd8 24. Qf2 Nc5 25. Qb2 Qb7 26. Ne3 c6 27. Na3 ({White should play} 27. Nxd6 $11 Qc7 28. b4 Nxa4 29. Qd2) 27... Qe7 $15 28. Nb1 Nh5 29. Qc2 Qg5 30. Nd2 (30. Rd2 $17) 30... Nf4 $1 $19 {[%cal Rf4h3] White must now prevent ...Nxh3+.} 31. Kh2 {[#]} h5 ({Black should try} 31... Ncd3 $1 $19 32. Rf1 {[#]} Nxh3 $1 {[%mdl 512]}) 32. Ndf1 $15 h4 33. Rd2 Qf6 {Precision: White = 48%, Black = 47%.} 1/2-1/2

[Event "World Junior U20 Open 2018"]
[Site "Gebze"]
[Date "2018.09.14"]
[Round "10.37"]
[White "Pigeat, Alexandre"]
[Black "Raja Harshit"]
[Result "0-1"]
[WhiteElo "2347"]
[BlackElo "2419"]
[Annotator "TA"]
[PlyCount "54"]
[EventDate "2018.09.05"]
[EventType "swiss"]
[EventCountry "TUR"]
[SourceTitle "playchess.com"]
[Source "ChessBase"]
[SourceQuality "1"]

{[%evp 15,54,6,1,-26,-20,-72,-78,-108,-91,-166,-191,-214,-187,-164,-161,-178,-170,-289,-268,-284,-309,-572,-568,-570,-554,-725,-723,-873,-914,-1079,-1068,-1051,-1028,-1018,-981,-1266,-1250,-1295,-1100,-1081,-1101]} 1. d4 Nf6 2. c4 e6 3. Nc3 Bb4 {[%cal Bf8b4,Bb4a5,Ba5c7][%mdl 32]} 4. e3 O-O 5. Nge2 c6 (5... Re8 6. a3 Bf8 7. d5 d6 8. g3 exd5 9. cxd5 c5 10. Bg2 Nbd7 11. O-O c4 12. Nd4 Nc5 13. Qe2 Nd3 14. b3 Nxc1 15. Rfxc1 cxb3 {½-½ (74) Caruana,F (2822)-So,W (2780) Saint Louis 2018}) 6. a3 {E46: Nimzo-Indian: Rubinstein: 4 e3 0-0 5 Ne2 without early Bd3} Ba5 7. b4 Bc7 8. e4 d5 {LiveBook: 22 Games} 9. Bg5 (9. e5 {looks sharper.} Ne8 10. c5 f6 11. f4 b6 12. g3) 9... h6 10. Bxf6 (10. Bh4 $1 $11) 10... Qxf6 $17 11. e5 Qe7 12. Ng3 (12. g3 $17 {might work better.}) 12... f6 $19 13. f4 fxe5 14. fxe5 a5 $146 {[%cal Ba7a5,Ba5a4][%mdl 32]} 15. b5 Qh4 $40 {[%mdl 128] Black wants a kill.} 16. cxd5 (16. Rb1 {was necessary.}) 16... exd5 ({Not} 16... cxd5 17. Qd3 $17) 17. Ra2 a4 18. Bd3 $2 (18. Be2 {keeps fighting.} Bb6 19. Rd2) 18... Ba5 {Black is clearly winning.} ({Don't blunder} 18... Qxd4 $2 19. Bh7+ $1 {[%mdl 512]} Kxh7 20. Qxd4 $18) 19. Rc2 Be6 20. Qd2 c5 {[%cal Bc6c5,Bc5d4][%mdl 32]} ({Don't go for} 20... Qxd4 $2 {[#]} 21. Bh7+ $1 {[%mdl 512]} Kxh7 22. Qxd4 $18) 21. Kd1 cxd4 22. Bh7+ Kxh7 23. Qd3+ Kg8 24. Nce2 Bb6 25. Re1 Nd7 26. Qg6 Qg4 27. Qxg4 Bxg4 {Precision: White = 13%, Black = 86%.} 0-1

[Event "World Junior U20 Open 2018"]
[Site "Gebze"]
[Date "2018.09.14"]
[Round "10.38"]
[White "Muradli, Mahammad"]
[Black "Shailesh, Dravid"]
[Result "1/2-1/2"]
[WhiteElo "2407"]
[BlackElo "2325"]
[Annotator "ChessBase"]
[PlyCount "92"]
[EventDate "2018.09.05"]
[EventType "swiss"]
[EventCountry "TUR"]
[SourceTitle "playchess.com"]
[Source "ChessBase"]
[SourceQuality "1"]
[TimeControl "40/5400+30:1800+30"]

1. d4 Nf6 2. c4 g6 3. Nc3 Bg7 4. e4 d6 5. Be2 O-O 6. Be3 Na6 7. Nf3 e5 8. O-O Ng4 9. Bg5 f6 10. Bc1 c6 {[%emt 0:10:00]} 11. h3 {[%emt 0:32:30]} Nh6 {[%emt 0:00:30]} 12. c5 {[%emt 0:00:30]} Nf7 {[%emt 0:12:30]} 13. Bxa6 {[%emt 0:12:30]} bxa6 {[%emt 0:01:30]} 14. Qb3 {[%emt 0:01:30]} dxc5 {[%emt 0:00:30]} 15. dxe5 {[%emt 0:01:30]} fxe5 {[%emt 0:00:30]} 16. Be3 {[%emt 0:02:30]} Qf6 {[%emt 0:01:30]} 17. Ng5 {[%emt 0:09:30]} Kh8 {[%emt 0:01:30]} 18. Nxf7+ {[%emt 0:01:30]} Rxf7 {[%emt 0:00:30]} 19. Rad1 {[%emt 0:03:30]} Be6 {[%emt 0:02:30]} 20. Qa4 {[%emt 0:00:30]} Bd7 {[%emt 0:01:30]} 21. f3 {[%emt 0:03:30]} Qh4 {[%emt 0:03:30]} 22. Qc4 {[%emt 0:03:30]} Raf8 {[%emt 0:03:30]} 23. Qe2 {[%emt 0:03:30]} Bh6 {[%emt 0:04:30]} 24. Bxh6 {[%emt 0:05:30]} Qxh6 {[%emt 0:02:30]} 25. Na4 {[%emt 0:01:20]} Qg5 {[%emt 0:01:30]} 26. Kh1 {[%emt 0:03:14]} Qh5 {[%emt 0:00:30]} 27. Kh2 {[%emt 0:03:00]} c4 {[%emt 0:06:30]} 28. Nc5 {[%emt 0:01:13]} Bc8 {[%emt 0:00:30]} 29. Qf2 {[%emt 0:02:25]} Qg5 {[%emt 0:03:30]} 30. Rd6 {[%emt 0:00:31]} Rf6 {[%emt 0:01:30]} 31. Rfd1 {[%emt 0:01:31]} Rf4 {[%emt 0:02:30]} 32. Rxc6 {[%emt 0:01:09]} Bxh3 {[%emt 0:01:30]} 33. gxh3 {[%emt 0:00:19]} Qh5 {[%emt 0:00:30]} 34. Qg2 {[%emt 0:05:59]} Rxf3 {[%emt 0:00:30]} 35. Rd2 {[%emt 0:00:14]} Qh6 {[%emt 0:00:30]} 36. Ne6 {[%emt 0:00:37]} Rxh3+ {[%emt 0:00:30]} 37. Qxh3 {[%emt 0:00:37]} Qxd2+ {[%emt 0:00:30]} 38. Qg2 {[%emt 0:00:00]} Qh6+ {[%emt 0:00:30]} 39. Qh3 {[%emt 0:00:59]} Qd2+ {[%emt 0:00:30]} 40. Qg2 {[%emt 0:00:00]} Qh6+ {[%emt 0:00:00]} 41. Kg3 {[%emt 0:11:22]} Qe3+ {[%emt 0:00:00]} 42. Kh4 {[%emt 0:00:30]} Qh6+ {[%emt 0:00:30]} 43. Kg4 {[%emt 0:02:30]} Rf4+ {[%emt 0:00:30]} 44. Nxf4 {[%emt 0:00:30]} Qxf4+ {[%emt 0:00:30]} 45. Kh3 {[%emt 0:00:30]} Qh6+ {[%emt 0:00:00]} 46. Kg3 {[%emt 0:00:00]} Qf4+ {[%emt 0:00:00]} 1/2-1/2

[Event "World Junior U20 Open 2018"]
[Site "Gebze"]
[Date "2018.09.14"]
[Round "10.39"]
[White "Ozen, Deniz"]
[Black "Tuncer, Tuna"]
[Result "1/2-1/2"]
[WhiteElo "2431"]
[BlackElo "2342"]
[Annotator "TA"]
[PlyCount "47"]
[EventDate "2018.09.05"]
[EventType "swiss"]
[EventCountry "TUR"]
[SourceTitle "playchess.com"]
[Source "ChessBase"]
[SourceQuality "1"]

{[%evp 15,47,11,16,16,24,27,22,23,32,27,33,34,40,36,39,31,17,4,35,6,34,11,37,37,37,-42,37,-23,27,-30,37,-33,28,-49]} 1. d4 f5 2. c4 Nf6 3. Nf3 e6 4. g3 d5 5. cxd5 exd5 6. Bg2 Bd6 7. O-O O-O 8. Nc3 c6 {LiveBook: 11 Games} 9. Ne1 {A90: Dutch Defence: Miscellaneous and Modern Stonewall (with ...Bd6)} (9. e3 Ne4 10. Ne2 Qe7 11. Nf4 b6 12. Nd3 Ba6 13. b3 Nd7 14. Bb2 Rac8 15. Re1 Rf6 16. Rc1 Rh6 17. Re2 {½-½ (65) Lodhi,M (2358)-Smerdon,D (2507) Istanbul 2012}) 9... Qe7 10. Nd3 Nbd7 11. Bf4 {The position is equal.} b6 12. Re1 $146 ({Predecessor:} 12. Bxd6 Qxd6 13. Rc1 Bb7 14. Qc2 Rae8 15. e3 Ne4 16. b4 Ba6 17. a3 Rf6 18. Rfd1 Nxc3 19. Qxc3 Bxd3 20. Qxd3 b5 21. Qb3 Nb6 22. Ra1 g5 23. Re1 Kg7 24. Qd3 {½-½ (24) Monroy Garzon,N (2050)-Sarmiento Robles,P (1796) Santa Cruz 2015}) 12... Bb7 13. Rc1 Rae8 14. Qa4 a5 15. Qb3 Bxf4 16. Nxf4 Ne4 17. Na4 Nd2 (17... g5 $5 {[%cal Rg5f4]} 18. Nxd5 cxd5 $11) 18. Qd3 (18. Qd1 {keeps more tension.} Ne4 19. e3 Rf6 20. h4 Ba6 21. Nc3) 18... Nc4 19. b3 Nd6 20. e3 (20. h4 $14) 20... Kh8 ({Better is} 20... g5 $15 21. Ne2 Kg7) 21. Kh1 (21. Qd1 $14) 21... Kg8 22. Kg1 (22. h4 $142) 22... Kh8 ({Black should try} 22... g5 $11 23. Ne2 Kg7) 23. Kh1 (23. Qd1 $14) 23... Kg8 (23... g5 $15 24. Ne2 Kg7) 24. Kg1 {Precision: White = 22%, Black = 22%.} (24. Qc2 $11) 1/2-1/2

[Event "World Junior U20 Open 2018"]
[Site "Gebze"]
[Date "2018.09.14"]
[Round "10.40"]
[White "Tasdogen, Dincer"]
[Black "Sibashvili, Giorgi"]
[Result "0-1"]
[WhiteElo "2329"]
[BlackElo "2425"]
[Annotator "TA"]
[PlyCount "92"]
[EventDate "2018.09.05"]
[EventType "swiss"]
[EventCountry "TUR"]
[SourceTitle "playchess.com"]
[Source "ChessBase"]
[SourceQuality "1"]

{[%evp 21,92,18,36,18,10,22,46,10,28,0,2,15,16,-73,-73,-73,-73,-103,-104,-104,-100,-103,-89,-100,-89,-113,-116,-120,-122,-117,-108,-108,-108,-114,-110,-110,-110,-137,-118,-160,-140,-141,-154,-152,-149,-211,-212,-219,-165,-203,-135,-321,-306,-311,-313,-268,-172,-430,-402,-443,-439,-455,-451,-454,-453,-479,-467,-551,-539,-613,-579,-1025,-1011]} 1. e4 e5 2. Nf3 Nc6 3. d4 exd4 4. Nxd4 Qf6 5. Nxc6 Bc5 6. Qf3 bxc6 7. Nc3 {C45: Scotch Game} Qxf3 8. gxf3 Ne7 9. Rg1 O-O 10. Be3 Bxe3 11. fxe3 d6 {LiveBook: 13 Games} 12. Bc4 Kh8 13. f4 f5 {[%cal Bf7f5,Bf5e4][%mdl 32] [#] With the idea ...fxe4.} 14. Bd3 $146 ({Predecessor:} 14. e5 dxe5 15. O-O-O Ng6 {½-½ (49) Najer,E (2624)-Akopian,V (2698) Sochi 2007}) 14... Bb7 15. O-O-O Rae8 16. Rg5 {[%cal Re4f5]} h6 17. Rh5 {[#]} (17. Rgg1 $11) 17... c5 $1 $17 18. Nb5 fxe4 ({Inferior is} 18... Bxe4 19. Bxe4 fxe4 20. Nxc7 $16) 19. Bf1 Nf5 20. Rh3 Re7 21. c4 a6 22. Nc3 Rf6 23. a3 a5 24. Kc2 Rg6 $36 {[%mdl 2048] White is under strong pressure.} 25. Kd2 Kg8 26. Rh5 Rf6 27. Be2 g6 28. Rh3 h5 29. Rg1 Kf7 30. Nd5 Bxd5 $1 31. cxd5 Re8 32. Kc3 Rb8 33. Bd1 (33. Bc4 $17) 33... Ne7 $19 34. Bb3 Rf5 35. Rhg3 Rg8 36. Rd1 $2 {[#]} (36. Rg5 $17 {might work better.}) 36... g5 37. fxg5 Rgxg5 38. Rxg5 Rxg5 {[%mdl 4096] Endgame KRB-KRN} 39. Rd2 $2 (39. Rf1+ Kg6 40. Rf4) 39... Kf6 40. Rf2+ Rf5 {Black is clearly winning.} 41. Rg2 Nxd5+ 42. Kd2 Ne7 43. Bd1 d5 {[%cal Bd6d5,Bd5d4][%mdl 32]} 44. Bc2 Rg5 45. Rf2+ Nf5 46. Bd1 d4 {Precision: White = 43%, Black = 77%.} 0-1

[Event "World Junior U20 Open 2018"]
[Site "Gebze"]
[Date "2018.09.14"]
[Round "10.41"]
[White "Dobrovoljc, Vid"]
[Black "Secheres, Adrian-Simion"]
[Result "1/2-1/2"]
[WhiteElo "2316"]
[BlackElo "2408"]
[Annotator "NA"]
[PlyCount "82"]
[EventDate "2018.09.05"]
[EventType "swiss"]
[EventCountry "TUR"]
[SourceTitle "playchess.com"]
[Source "ChessBase"]
[SourceQuality "1"]
[TimeControl "40/5400+30:1800+30"]

1. d4 Nf6 2. c4 g6 3. Nc3 Bg7 4. e4 d6 5. h3 O-O 6. Be3 e5 7. d5 a5 8. g4 {E71: King's Indian: 4 e4 d6 5 h3} Na6 9. Nge2 c6 10. Ng3 cxd5 (10... Nc5 11. g5 Nfd7 12. h4 cxd5 13. Nxd5 Nb6 14. Nc3 Be6 15. b3 a4 {1-0 (36) Ding,L (2777)-Amonatov,F (2636) Riadh 2017}) 11. cxd5 Bd7 12. Be2 Nc5 {[%emt 0:29:00]} 13. h4 {[%emt 0:13:30]} a4 {[%emt 0:01:30]} 14. f3 {[%emt 0:13:30]} Qa5 {[%emt 0:08:30]} 15. Qd2 {[%emt 0:00:00]} Rfc8 {[%emt 0:01:30]} 16. Rb1 $146 {[%emt 0:06:00]} b5 {[%emt 0:03:30]} 17. h5 {[%emt 0:06:30]} b4 {[%emt 0:04:30]} 18. Nd1 {[%emt 0:00:30]} Bb5 {[%emt 0:04:30]} 19. Bxb5 {[%emt 0:13:30]} Qxb5 {[%emt 0:00:30]} 20. Qe2 {[%emt 0:00:30]} Qb7 {[%emt 0:10:30]} 21. Rc1 {[%emt 0:10:30]} a3 {[%emt 0:04:30]} 22. Bxc5 {[%emt 0:07:30]} axb2 {[%emt 0:00:30]} 23. Qxb2 {[%emt 0:00:30]} Rxc5 {[%emt 0:00:30]} 24. Rxc5 {[%emt 0:00:30]} dxc5 {[%emt 0:00:30]} 25. g5 {[%emt 0:02:30]} Ne8 {[%emt 0:00:30]} 26. Ne3 {[%emt 0:01:30]} Ra3 {[%emt 0:08:30]} 27. Qe2 {[%emt 0:05:30]} Qa7 $19 {[%emt 0:09:50]} 28. Rh2 {[%emt 0:00:30]} Nd6 {[%emt 0:00:32]} 29. Rf2 {[%emt 0:03:15]} Rc3 {[%emt 0:07:10]} 30. Nd1 {[%emt 0:02:34]} Rc4 {[%emt 0:00:53]} 31. Nf1 {[%emt 0:00:27]} Rd4 {[%emt 0:01:06]} 32. Nfe3 {[%emt 0:01:26]} Qa5 {[%emt 0:01:26]} 33. Kf1 {[%emt 0:00:34]} c4 {[%emt 0:00:46]} 34. Nc2 {[%emt 0:01:22]} Rd3 {[%emt 0:00:25]} 35. Nb2 {[%emt 0:01:11]} Rc3 {[%emt 0:01:20]} 36. Nd1 {[%emt 0:00:33]} Rd3 {[%emt 0:00:49]} 37. Nb2 {[%emt 0:00:05]} Qb5 {[%emt 0:01:41]} 38. Kg2 {[%emt 0:00:36]} Rc3 {[%emt 0:00:35]} 39. Nd1 {[%emt 0:00:22]} Rd3 {[%emt 0:00:15]} 40. Nb2 {[%emt 0:00:00]} Rc3 {[%emt 0:00:00]} 41. Nd1 {[%emt 0:01:05]} Rd3 {[%emt 0:04:42]} 1/2-1/2

[Event "World Junior U20 Open 2018"]
[Site "Gebze"]
[Date "2018.09.14"]
[Round "10.42"]
[White "Agdelen, Huseyin Can"]
[Black "Garayev, Kanan"]
[Result "0-1"]
[WhiteElo "2280"]
[BlackElo "2404"]
[Annotator "ChessBase"]
[PlyCount "62"]
[EventDate "2018.09.05"]
[EventType "swiss"]
[EventCountry "TUR"]
[SourceTitle "playchess.com"]
[Source "ChessBase"]
[SourceQuality "1"]
[TimeControl "40/5400+30:1800+30"]

1. e4 e5 2. Nf3 Nc6 3. Bb5 a6 4. Ba4 Nf6 5. O-O b5 6. Bb3 Bc5 7. a4 Rb8 8. c3 d6 9. d4 Bb6 10. a5 Ba7 11. h3 O-O 12. Be3 Ra8 {[%emt 0:18:00]} 13. Nbd2 {[%emt 0:22:30]} h6 {[%emt 0:00:30]} 14. Re1 {[%emt 0:00:30]} Bb7 {[%emt 0:01:30]} 15. dxe5 {[%emt 0:27:30]} Nxe5 {[%emt 0:09:30]} 16. Nxe5 {[%emt 0:02:30]} dxe5 {[%emt 0:01:30]} 17. Bxa7 {[%emt 0:02:30]} Rxa7 {[%emt 0:00:30]} 18. Qe2 {[%emt 0:00:30]} c5 {[%emt 0:09:30]} 19. Qe3 {[%emt 0:04:30]} Ra8 {[%emt 0:01:30]} 20. Bc2 {[%emt 0:04:30]} Qe7 {[%emt 0:02:30]} 21. Nf1 {[%emt 0:02:30]} Nh5 {[%emt 0:04:30]} 22. Red1 {[%emt 0:10:30]} Nf4 {[%emt 0:02:30]} 23. Kh2 {[%emt 0:13:58]} h5 {[%emt 0:14:30]} 24. Ng3 {[%emt 0:03:27]} Qg5 {[%emt 0:03:30]} 25. Rg1 {[%emt 0:00:57]} Rad8 {[%emt 0:01:30]} 26. Rad1 {[%emt 0:00:38]} Rxd1 {[%emt 0:00:30]} 27. Bxd1 {[%emt 0:00:02]} Rd8 {[%emt 0:00:30]} 28. Bxh5 {[%emt 0:03:38]} Rd3 {[%emt 0:03:30]} 29. Qc1 {[%emt 0:00:04]} Rd6 {[%emt 0:11:09]} 30. Be2 {[%emt 0:01:57]} Rh6 {[%emt 0:00:26]} 31. Bf1 {[%emt 0:01:03]} Nxh3 {[%emt 0:01:52]} 0-1

[Event "World Junior U20 Open 2018"]
[Site "Gebze"]
[Date "2018.09.14"]
[Round "10.43"]
[White "Nikolovski, Nikola"]
[Black "Suleymenov, Alisher"]
[Result "1/2-1/2"]
[WhiteElo "2388"]
[BlackElo "2307"]
[Annotator "NA"]
[PlyCount "99"]
[EventDate "2018.09.05"]
[EventType "swiss"]
[EventCountry "TUR"]
[SourceTitle "playchess.com"]
[Source "ChessBase"]
[SourceQuality "1"]
[TimeControl "40/5400+30:1800+30"]

1. e4 c5 2. Nf3 Nc6 3. d4 cxd4 4. Nxd4 Nf6 5. Nc3 d6 6. Bg5 Bd7 7. Qd2 Rc8 8. O-O-O Nxd4 9. Qxd4 Qa5 10. Bd2 a6 11. Kb1 Qc5 12. Qxc5 {B61: Sicilian: Richter-Rauzer: 6...Bd7 7 Qd2} Rxc5 13. Be3 {[%emt 0:24:30]} Rc8 {[%emt 0:14:30]} 14. f3 {[%emt 0:00:30]} g6 {[%emt 0:00:30]} 15. Bd4 {[%emt 0:00:30]} Bg7 {[%emt 0:00:30] [#]} 16. Be2 $146 {[%emt 0:12:30]} ({Predecessor:} 16. Nd5 e5 17. Nxf6+ Bxf6 18. Bc3 Rc6 19. h4 h5 {½-½ (34) Dominguez Perez,L (2658)-Dreev,A (2705) Dos Hermanas 2005}) 16... O-O {[%emt 0:02:30]} 17. g4 {[%emt 0:03:30]} Be6 {[%emt 0:19:30]} 18. h4 {[%emt 0:01:30]} Nd7 {[%emt 0:04:30]} 19. f4 {[%emt 0:06:30]} Bxd4 {[%emt 0:09:30]} 20. Rxd4 {[%emt 0:00:30]} f6 {[%emt 0:00:30]} 21. Nd1 {[%emt 0:15:30]} h6 {[%emt 0:09:30]} 22. f5 {[%emt 0:06:30]} Bf7 {[%emt 0:04:30]} 23. fxg6 {[%emt 0:00:30]} Bxg6 {[%emt 0:00:30]} 24. Bc4+ {[%emt 0:00:30]} Bf7 {[%emt 0:04:30]} 25. Bd5 {[%emt 0:00:30]} Rc7 {[%emt 0:07:30]} 26. Ne3 {[%emt 0:01:30]} Ne5 {[%emt 0:04:30]} 27. Rdd1 {[%emt 0:03:30]} b5 {[%emt 0:03:47]} 28. a3 {[%emt 0:02:30]} a5 {[%emt 0:03:55]} 29. Rh3 {[%emt 0:07:53]} Kg7 {[%emt 0:02:59]} 30. Rf1 {[%emt 0:08:21]} e6 {[%emt 0:06:56]} 31. Bb3 {[%emt 0:00:06]} Re7 {[%emt 0:00:00]} 32. Rh2 {[%emt 0:01:19]} Bg6 {[%emt 0:00:16]} 33. Rd2 {[%emt 0:00:16]} Nf7 {[%emt 0:02:12]} 34. Rf4 {[%emt 0:03:32]} Rc8 {[%emt 0:02:22]} 35. Kc1 {[%emt 0:02:36]} Rc5 {[%emt 0:00:32]} 36. Rdf2 {[%emt 0:01:05]} Re5 {[%emt 0:00:16]} 37. Rxf6 {[%emt 0:00:20]} Rxe4 {[%emt 0:00:33]} 38. Kd2 {[%emt 0:00:16]} a4 {[%emt 0:01:01]} 39. Ba2 {[%emt 0:00:23]} d5 {[%emt 0:00:16]} 40. c3 {[%emt 0:00:00]} d4 {[%emt 0:00:00]} 41. cxd4 {[%emt 0:05:23]} Rxd4+ {[%emt 0:03:25]} 42. Ke2 {[%emt 0:02:30]} Bd3+ {[%emt 0:20:01]} 43. Ke1 {[%emt 0:02:30]} Rc7 {[%emt 0:01:23]} 44. Rxe6 {[%emt 0:07:37]} Nd6 $14 {[%emt 0:02:37]} (44... Rc1+ $1 $11 45. Kd2 Rc7) 45. Rd2 {[%emt 0:01:50]} Rc5 {[%emt 0:06:14]} 46. Kf2 {[%emt 0:13:46]} Nc4 {[%emt 0:00:10]} 47. Bxc4 {[%emt 0:01:10]} bxc4 {[%emt 0:00:30]} 48. Rd1 {[%emt 0:00:30]} Rf4+ {[%emt 0:00:30]} 49. Kg3 {[%emt 0:00:30]} Rf7 {[%emt 0:00:12]} 50. Rd2 {[%emt 0:00:52]} 1/2-1/2

[Event "World Junior U20 Open 2018"]
[Site "Gebze"]
[Date "2018.09.14"]
[Round "10.44"]
[White "Agibileg, Uurtsaikh"]
[Black "Ozer, Omer Faruk"]
[Result "1-0"]
[WhiteElo "2321"]
[BlackElo "2388"]
[Annotator "NA"]
[PlyCount "105"]
[EventDate "2018.09.05"]
[EventType "swiss"]
[EventCountry "TUR"]
[SourceTitle "playchess.com"]
[Source "ChessBase"]
[SourceQuality "1"]
[TimeControl "40/5400+30:1800+30"]

1. d4 f5 2. c4 Nf6 3. Nc3 g6 4. Nf3 Bg7 5. g3 O-O 6. Bg2 d6 7. O-O c6 8. Re1 Na6 9. Bf4 h6 10. e4 {[%emt 0:19:00]} g5 {[%emt 0:22:00]} 11. Bd2 {[%emt 0:00:30]} fxe4 {[%emt 0:00:30]} 12. Nxe4 {[%emt 0:00:30]} Nxe4 {[%emt 0:09:30]} 13. Rxe4 {[%emt 0:00:30]} Bf5 {[%emt 0:00:30]} 14. Re3 $14 {[%emt 0:03:30]} Rf7 {[%emt 0:15:30]} 15. Bc3 {[%emt 0:02:30]} Qb6 {[%emt 0:01:30]} 16. Qe1 {[%emt 0:01:30]} Qc7 {[%emt 0:02:30]} 17. d5 {[%emt 0:01:30]} c5 {[%emt 0:00:30]} 18. a3 {[%emt 0:03:30]} Raf8 {[%emt 0:05:30]} 19. h4 {[%emt 0:02:30]} Bxc3 {[%emt 0:10:30]} 20. Qxc3 {[%emt 0:00:30]} Rg7 {[%emt 0:00:30]} 21. Rae1 {[%emt 0:04:30]} Rff7 {[%emt 0:00:00]} 22. h5 {[%emt 0:07:30]} Qc8 {[%emt 0:03:00]} 23. b4 {[%emt 0:09:30]} Qf8 {[%emt 0:09:30]} 24. Nh2 {[%emt 0:02:30]} g4 {[%emt 0:00:37]} 25. R1e2 {[%emt 0:00:30]} b6 {[%emt 0:01:17]} 26. Be4 {[%emt 0:01:30]} Nc7 {[%emt 0:02:27]} 27. bxc5 {[%emt 0:01:30]} bxc5 {[%emt 0:00:37]} 28. Qe1 {[%emt 0:00:30]} e5 {[%emt 0:06:07]} 29. dxe6 {[%emt 0:00:30]} Re7 {[%emt 0:03:33]} 30. Bxf5 {[%emt 0:04:30]} Qxf5 {[%emt 0:00:30]} 31. Re4 {[%emt 0:00:30]} Qxh5 {[%emt 0:00:30]} 32. Rd2 {[%emt 0:00:30]} Ne8 {[%emt 0:00:30]} 33. Qe2 {[%emt 0:00:30]} Qg6 {[%emt 0:00:30]} 34. Nxg4 {[%emt 0:00:30]} h5 {[%emt 0:00:30]} 35. Nh2 {[%emt 0:00:30]} Nf6 {[%emt 0:00:00]} 36. Rh4 {[%emt 0:00:30]} Ne8 {[%emt 0:00:13]} 37. Qxh5 {[%emt 0:01:30]} Qxh5 {[%emt 0:00:30]} 38. Rxh5 {[%emt 0:00:30]} Rxe6 {[%emt 0:00:00]} 39. Nf3 {[%emt 0:00:30]} Rb7 {[%emt 0:01:04]} 40. Rhd5 {[%emt 0:00:00]} Re4 {[%emt 0:00:00]} 41. Rg5+ {[%emt 0:10:00]} Kf8 {[%emt 0:02:05]} 42. Rf5+ {[%emt 0:00:30]} Kg8 {[%emt 0:01:30]} 43. Ng5 {[%emt 0:01:30]} Rxc4 {[%emt 0:00:30]} 44. Re2 {[%emt 0:00:30]} Ng7 {[%emt 0:00:30]} 45. Rf6 {[%emt 0:01:30]} Rd4 {[%emt 0:07:30]} 46. Rg6 {[%emt 0:00:30]} Kf8 {[%emt 0:01:30]} 47. Rh6 {[%emt 0:01:30]} Kg8 {[%emt 0:02:30]} 48. Kg2 {[%emt 0:00:00]} Rd3 {[%emt 0:08:10]} 49. Re1 {[%emt 0:00:00]} Rb2 {[%emt 0:00:44]} 50. Rg6 {[%emt 0:05:30]} Kf8 {[%emt 0:00:20]} 51. Re4 {[%emt 0:00:00]} Rd4 {[%emt 0:00:44]} 52. Rf6+ {[%emt 0:00:00]} Kg8 {[%emt 0:00:05]} 53. Re7 {[%emt 0:00:30]} 1-0